03899nam a2200373 a 4500001000800000003000500008005001700013007000300030008004100033010001100074040002300085041001300108100003700121245024700158264003200405300003900437336002700476337002800503338002800531502010700559504003400666520231600700650001603016650007603032650001903108650006303127700004503190700003803235700003403273700003603307700003803343700004903381856009503430dia_862CHAP20260203180922.0ta220117s1976 mx d frm 001 0 spa d a171411 cCHAPamxchpuaerda0 aspabspa1 aVarela López, Francisco Javier13aEstudio para el establecimiento de una planta productora de piloncillo /cJosé R. Castresana Hernández, Juan E. Hernández Silva, Jorge Paredes Blancas, Raymundo Rubio Villegas, J. Rafael Torres Olguín y Francisco Javier Varela López aMéxico :bEl autor,c1976 a185 hojas :bgráficas, diagramas 2rdacontentatextobtxt 2rdamediaano mediadobn 2rdacarrieravolumenbnc aTesis b(Licenciado en Administración) --cUNAM. Facultad de Contaduría y Administración, d1976 aBibliografía: hojas 183-185 aEl desarrollo económico es hoy día uno de los problemas más complejos y urgentes que presenta nuestro país, la constante emigración del medio rural hacia las ciudades industriales y comerciales, así como, el elevado incremento demográfico, el cual es del 3.5 % (l) anual, son fenómenos que plantean la urgente necesidad de descentralizar la población y de producir cada vez mayor cantidad de bienes y servicios que permitan satisfacer la creciente demanda de la población. Para lo cual es necesario que se establezcan políticas que tiendan a descentralizar tanto la industria como la educación, así como también, a racionalizar los recursos disponibles, a través de las técnicas de la coordinación, con el objeto de mejorar el nivel de vida económico y social de los habitantes, mediante el incremento en la producción y el reparto equitativo del ingreso. La población urbana crece a razón del 5.4 % (2)anual, como consecuencia de la emigración del campo y la elevada tasa de incremento natural, observándose un incremento mayor en aquellas ciudades que se caracterizan principalmente por un elevado desarrollo industrial y comercial, el cual fluctúa entre el 7 y 14 °/o anual, esta sobrepoblación provoca entre otros, el problema de marginalidad urbana y los cinturones de miseria, originándose dichos fenómenos por la insuficiencia que presenta la economía urbana para observar el movimiento rural urbano. La población rural emigra hacia las grandes ciudades en busca de medios que le proporcionen un mejor nivel de vida, sumándose por lo tanto, a la población ya existente que está en edad de trabajar pero que carece de calificación técnica, aumentando así el subempleo, además de contribuir a que los salarios se mantengan bajos debido al exceso de mano de obra. Por lo que es importante, atender con prioridad los problemas que originan la emigración, proporcionando los medios que permitan ayudar a arraigar al campesino a su tierra natal, mediante el mejoramiento de su nivel de vida económico y social. El grupo que elabora el presente estudio, tiene como meta determinar la factibilidad de realizar un proyecto para la industrialización de productos agrícolas en una comunidad campesina del Estado de Michoacán. 13aPanela2atg13aIndustria azucareraxIniciativa empresarialzMéxicozMichoacán2atg13aJaggery 2atg13aSugar industryzMexicozMichoacánxEntrepreneurship2atg1 aCastresana Hernández, José R.eautor1 aHernández Silva, Juan E.eautor1 aParedes Blancas, Jorgeeautor1 aRubio Villegas, Raymundoeautor1 aTorres Olguín, J. Rafaeleautor1 aRodríguez Morales, Marco Antonioedirector42uhttps://tesiunamdocumentos.dgb.unam.mx/pmig2020/0176987/Index.htmlyDISPONIBLE EN TESIUNAM